10 anys de les oficines de benestar social
Descripción Física:
238 p. : il., col. ; 30 cm
MARC
| LEADER | 00000nam a2200000Ia 4500 | ||
|---|---|---|---|
| 001 | 10740 | ||
| 008 | 160829s1994 xx 000 0 cat d | ||
| 080 | |a S-1-110 | ||
| 245 | |a 10 anys de les oficines de benestar social | ||
| 260 | |a Barcelona : |b Generalitat de Catalunya, Departament de Benestar Social, |c 1994 | ||
| 300 | |a 238 p. : |b il., col. ; |c 30 cm | ||
| 650 | |a Benestar social |x Catalunya |x 1983/1993 |9 31535 | ||
| 650 | |a Serveis socials |x Catalunya |x 1983/1993 |9 31536 | ||
| 710 | |a Catalunya. |b Departament de Benestar Social |9 3124 | ||
| 901 | |a Arxiu | ||
| 942 | |n 1 | ||
| 952 | |0 0 |1 0 |4 0 |6 S1110 |7 1 |9 45658 |a Arxiu |b Arxiu |d 2016-12-01 |l 0 |o S-1-110 |p 10740 |r 2016-12-01 00:00:00 |w 2016-12-01 |y ARXIU | ||
| 999 | |c 49158 |d 49158 | ||